000 00309 a2200145 4500
001 181571
020 _a
040 _cMagnum
100 _aSociedade Educacional Positivo
240 1 0 _aPalavra viva
_lpor
245 1 0 _aPalavra viva
362 0 _a1899
697 _aMAGNITO: A/POESIA, SONETO
942 _cBK
999 _c181571
_d181571